Znane kolędy i pastorałki - Statystyki

Ogólne statystyki
  • Ten quiz został rozwiązany 90 razy
    79 od ostatniego zresetowania
  • Średni wynik to 4 z 14
Statystyki odpowiedzi
Kolędy i pastorałki % Poprawnych
Dzisiaj w Betlejem
72%
Lulajże Jezuniu
56%
Wśród nocnej ciszy
53%
Gdy śliczna panna
40%
Gdy się Chrystus rodzi
37%
Pójdźmy wszyscy do stajenki
34%
Mizerna cicha
31%
Jezus malusieńki
28%
Anioł pasterzom mówił
21%
W żłobie leży
19%
Mędrcy świata, monarchowie
13%
Skrzypi wóz
9%
Nie było miejsca dla Ciebie
6%
Bóg się rodzi, moc truchleje
4%
Nie znaleziono quizów pasujących do podanych kryteriów
Rozkład punktacji
Procent ludzi z każdym wynikiem
Percentyl według liczby udzielonych odpowiedzi
Twoja historia wyników
Nie rozwiązałeś tego quizu od ostatniego zresetowania